Loading...
| History - European | 2 | 4 | 1 | 0 | 65 | 53 | 86.83 | 4 | 6 | 0.00 | 0.00 |
| History - Ancient/Other | 2 | 2 | 1 | 0 | 45 | 12 | 77.75 | 2 | 4 | 0.00 | 0.00 |
| Social Science | 1 | 2 | 0 | 1 | 35 | 52 | 107.00 | 2 | 3 | 0.00 | 0.00 |
| History - American | 1 | 2 | 0 | 0 | 35 | 44 | 77.33 | 2 | 3 | 0.00 | 0.00 |
| Fine Arts - Visual | 0 | 3 | 1 | 0 | 25 | 103 | 119.00 | 0 | 3 | 0.00 | 0.00 |
| Current Events | 0 | 2 | 0 | 0 | 20 | 113 | 115.00 | 1 | 2 | 0.00 | 0.00 |
| Literature - European | 0 | 2 | 0 | 0 | 20 | 131 | 139.50 | 0 | 2 | 0.00 | 0.00 |
| Religion | 0 | 2 | 0 | 0 | 20 | 115 | 118.50 | 0 | 2 | 0.00 | 0.00 |
| Fine Arts - Auditory | 0 | 1 | 0 | 0 | 10 | 155 | 155.00 | 0 | 1 | 0.00 | 0.00 |
| Mythology | 0 | 1 | 0 | 0 | 10 | 118 | 118.00 | 0 | 1 | 0.00 | 0.00 |
| Philosophy | 0 | 1 | 0 | 0 | 10 | 117 | 117.00 | 0 | 1 | 0.00 | 0.00 |
| Literature - British | 0 | 1 | 0 | 1 | 10 | 157 | 157.00 | 0 | 1 | 0.00 | 0.00 |
| History - World | 0 | 1 | 1 | 0 | 5 | 97 | 97.00 | 0 | 1 | 0.00 | 0.00 |
| Other Academic | 0 | 0 | 1 | 0 | -5 | 0.00 | 0 | 0 | 0.00 | 0.00 |